[Event "Pardubice Open A"]
[Site "?"]
[Date "2015.08.01"]
[Round "9.32"]
[White "KOLOSOWSKI, Mateusz"]
[Black "SORM, Daniel"]
[Result "0-1"]
[WhiteElo "2437"]
[BlackElo "2347"]
[PlyCount "92"]
[EventDate "2015.??.??"]
[WhiteClock "0:16:10"]
[BlackClock "0:09:44"]

1. d4 d5 2. c4 c6 3. Nf3 e6 4. Nc3 dxc4 5. a4 Bb4 6. e3 b5 7. Bd2 Qb6 8. Ne5
Nf6 9. axb5 cxb5 10. b3 Nd5 11. Qc1 Bxc3 12. Bxc3 Nxc3 13. Qxc3 Nd7 14. Nxd7
Bxd7 15. bxc4 bxc4 16. Bxc4 O-O 17. O-O Rfc8 18. Qd3 a5 19. d5 exd5 20. Bxd5
Bc6 21. Ba2 Qb5 22. Qd4 Rd8 23. Qh4 Qe5 24. Rac1 Qe4 25. Qh3 Bd7 26. Qh5 Qg6
27. Qh4 Bb5 28. Rfd1 Rxd1+ 29. Rxd1 Qf6 30. Qh5 Bc6 31. Rc1 g6 32. Qc5 Bd7 33.
Qd5 Ra7 34. h3 Kg7 35. Qc5 Ra8 36. Rd1 Be6 37. Bxe6 Qxe6 38. Rd6 Qe4 39. f3
Qb1+ 40. Kh2 Qb8 41. f4 a4 42. Rd3 Qf8 43. Qe5+ Kg8 44. Qb2 a3 45. Qa1 a2 46.
e4 Qb8 0-1

[Event "Pardubice Open A"]
[Site "?"]
[Date "2015.08.01"]
[Round "9.33"]
[White "ALI MARANDI, Cemil Can"]
[Black "SMOLKOV, Igor"]
[Result "1-0"]
[WhiteElo "2431"]
[BlackElo "2328"]
[PlyCount "111"]
[EventDate "2015.??.??"]
[WhiteClock "0:20:22"]
[BlackClock "0:22:37"]

1. e4 c6 2. d4 d5 3. e5 Bf5 4. Nf3 e6 5. Be2 Ne7 6. O-O Nd7 7. Nbd2 h6 8. Nb3
Qc7 9. Bd2 Bh7 10. Rc1 Nc8 11. a4 Be7 12. a5 a6 13. c4 dxc4 14. Bxc4 Qb8 15.
Ne1 Na7 16. Qg4 g5 17. Bd3 Nb5 18. f4 Bxd3 19. Nxd3 h5 20. Qe2 g4 21. f5 Nf8
22. Qf2 Rh7 23. fxe6 fxe6 24. Bb4 Bxb4 25. Nxb4 Nd7 26. Nc5 Nxc5 27. dxc5 Kd7
28. Rcd1+ Kc7 29. Nc2 Qg8 30. Nd4 Nxd4 31. Rxd4 h4 32. Qd2 Rf8 33. Rd1 g3 34.
Rg4 Qf7 35. hxg3 hxg3 36. Rxg3 Kc8 37. Rf3 Qe8 38. Rxf8 Qxf8 39. Qd6 Qh8 40.
Rd4 Rh1+ 41. Kf2 Qe8 42. Rf4 Rh8 43. Rf6 Qh5 44. Rf8+ Rxf8+ 45. Qxf8+ Kd7 46.
Qd6+ Kc8 47. Qxe6+ Kb8 48. Qf6 Ka7 49. e6 Qxc5+ 50. Kg3 Qd6+ 51. Kg4 c5 52. g3
Qd1+ 53. Kg5 Qd5+ 54. Kg6 Qd3+ 55. Kg7 Qxg3+ 56. Kf7 1-0

[Event "Pardubice Open A"]
[Site "?"]
[Date "2015.08.01"]
[Round "9.34"]
[White "AKESSON, Ralf"]
[Black "POPOV, Mikhail"]
[Result "0-1"]
[WhiteElo "2428"]
[BlackElo "2308"]
[PlyCount "128"]
[EventDate "2015.??.??"]
[WhiteClock "0:02:11"]
[BlackClock "0:01:48"]

1. d4 Nf6 2. c4 g6 3. Nc3 Bg7 4. e4 d6 5. Be2 O-O 6. Nf3 e5 7. Be3 Na6 8. O-O
c6 9. d5 Ng4 10. Bg5 f6 11. Bh4 c5 12. Ne1 Nh6 13. a3 g5 14. Bg3 f5 15. exf5
Nxf5 16. Ne4 h6 17. Nc2 Nc7 18. b4 b6 19. Rb1 Ne8 20. Ne3 Nd4 21. bxc5 Nxe2+
22. Qxe2 bxc5 23. Rb3 Nf6 24. Nxf6+ Qxf6 25. Qh5 Kh7 26. h4 Qg6 27. Qxg6+ Kxg6
28. hxg5 Kxg5 29. f3 h5 30. Be1 Rf4 31. Ba5 Ba6 32. Bc7 Bf8 33. Rc1 Rf7 34. Ba5
Kg6 35. Bd2 Rb7 36. Rxb7 Bxb7 37. Nd1 Ba6 38. Rc2 Bg7 39. Nf2 Rb8 40. Ne4 Bf8
41. Ba5 Bc8 42. Bc7 Rb1+ 43. Kf2 Bf5 44. Rc3 Rb2+ 45. Kg3 h4+ 46. Kh2 Bxe4 47.
fxe4 Be7 48. Kh3 Re2 49. a4 Rxe4 50. a5 Re2 51. g3 hxg3 52. Rxg3+ Kf6 53. Rf3+
Kg6 54. Rg3+ Kf7 55. Rb3 e4 56. Rb7 Kg6 57. Rxa7 Ra2 58. Bb8 Bf8 59. Rd7 e3 60.
Bxd6 e2 61. Bg3 Ra3 62. Kg2 Rxg3+ 63. Kf2 Re3 64. Ke1 Bg7 0-1

[Event "Pardubice Open A"]
[Site "?"]
[Date "2015.08.01"]
[Round "9.35"]
[White "GAGARE, Shardul"]
[Black "PALCHUN, Grigory"]
[Result "1-0"]
[WhiteElo "2425"]
[BlackElo "2306"]
[PlyCount "95"]
[EventDate "2015.??.??"]
[WhiteClock "0:29:09"]
[BlackClock "0:22:59"]

1. d4 Nf6 2. c4 e6 3. Nf3 Bb4+ 4. Nbd2 O-O 5. a3 Be7 6. e4 d5 7. e5 Nfd7 8. Bd3
c5 9. h4 g6 10. h5 cxd4 11. hxg6 fxg6 12. Qc2 Qe8 13. O-O Qf7 14. cxd5 exd5 15.
Nb3 Nc6 16. Bh6 Re8 17. Rae1 Nf8 18. Nbxd4 Nxd4 19. Nxd4 Bd7 20. b4 Ne6 21. Ne2
Bd8 22. Qa2 Ng7 23. Bxg7 Kxg7 24. Nc3 Be6 25. Qd2 a6 26. Na4 Rc8 27. Rc1 Bc7
28. f4 b5 29. Nc5 Bb6 30. Qe3 Bf5 31. Bxf5 Qxf5 32. Kh2 Qh5+ 33. Qh3 Qxh3+ 34.
Kxh3 Bxc5 35. bxc5 d4 36. Rfd1 Red8 37. Kg4 Kf7 38. Kf3 Ke6 39. Ke4 d3 40. g4
d2 41. Rc2 h5 42. gxh5 gxh5 43. Rcxd2 Rxd2 44. Rxd2 Rxc5 45. f5+ Ke7 46. f6+
Ke8 47. e6 Rc1 48. Rd7 1-0

[Event "Pardubice Open A"]
[Site "?"]
[Date "2015.08.01"]
[Round "9.36"]
[White "SELIVERSTOV, Vladimir"]
[Black "HEINEMANN, Josefine"]
[Result "1-0"]
[WhiteElo "2420"]
[BlackElo "2286"]
[PlyCount "69"]
[EventDate "2015.??.??"]
[WhiteClock "1:05:50"]
[BlackClock "0:29:44"]

1. d4 Nf6 2. c4 g6 3. Nc3 d5 4. Nf3 Bg7 5. Qb3 dxc4 6. Qxc4 O-O 7. e4 a6 8. Be2
b5 9. Qb3 c5 10. dxc5 Be6 11. Qc2 Nbd7 12. Be3 Rc8 13. Rd1 b4 14. Nd5 Bxd5 15.
exd5 Nxc5 16. O-O Nce4 17. Qb3 Qd6 18. g3 Rfd8 19. Bf4 Qb6 20. Ne5 Nc5 21. Qc4
Rf8 22. Be3 Qd6 23. Nc6 Ne6 24. Bf3 Nd8 25. Nxe7+ Qxe7 26. Qxc8 Nb7 27. Qc6 Ne8
28. Rfe1 Ned6 29. Qxa6 Qf6 30. Bf4 g5 31. Be5 Qxf3 32. Bxd6 Nxd6 33. Qxd6 Bxb2
34. Qxb4 Bc3 35. Qe4 1-0

[Event "Pardubice Open A"]
[Site "?"]
[Date "2015.08.01"]
[Round "9.37"]
[White "BAGI, Mate"]
[Black "SHEVCHENKO, Kirill"]
[Result "1/2-1/2"]
[WhiteElo "2417"]
[BlackElo "2270"]
[PlyCount "51"]
[EventDate "2015.??.??"]
[WhiteClock "0:23:48"]
[BlackClock "0:39:14"]

1. e4 c5 2. Nf3 d6 3. d4 cxd4 4. Nxd4 Nf6 5. Nc3 a6 6. Bg5 e6 7. f4 Be7 8. Qf3
Qc7 9. O-O-O h6 10. Bh4 Nbd7 11. Bd3 g5 12. fxg5 Ne5 13. Qe2 Nfg4 14. Nf3 hxg5
15. Bg3 Bd7 16. h3 Nf6 17. Nxe5 dxe5 18. Bf2 Nh5 19. g3 Bc6 20. Qe3 O-O-O 21.
a3 Nf6 22. Be2 Rxd1+ 23. Bxd1 Nd7 24. Bf3 Qd8 25. Qa7 Qa5 26. Qe3 1/2-1/2

[Event "Pardubice Open A"]
[Site "?"]
[Date "2015.08.01"]
[Round "9.40"]
[White "MINDLIN, Alon"]
[Black "TOMAZINI, Zan"]
[Result "1-0"]
[WhiteElo "2310"]
[BlackElo "2401"]
[PlyCount "165"]
[EventDate "2015.??.??"]
[WhiteClock "0:24:41"]
[BlackClock "0:01:33"]

1. d4 Nf6 2. c4 g6 3. Nc3 Bg7 4. e4 O-O 5. Be3 Nc6 6. f3 e5 7. Nge2 exd4 8.
Nxd4 Re8 9. Nc2 d6 10. Be2 Be6 11. Qd2 Nd7 12. Bg5 f6 13. Bh4 Nb6 14. Ne3 Qd7
15. O-O Qf7 16. Ncd5 f5 17. Rac1 Nd4 18. Bd3 c5 19. exf5 gxf5 20. Nf4 Bh6 21.
Bg3 Qg7 22. Rce1 Re7 23. Qf2 Qf7 24. Kh1 Rae8 25. b3 Kh8 26. h3 Bg5 27. Nc2 Nc6
28. Na3 Ne5 29. Bb1 Bd7 30. Rd1 Qf6 31. Nh5 Qh6 32. f4 Qxh5 33. fxe5 dxe5 34.
Bxf5 Rf8 35. Qc2 Bxf5 36. Rxf5 Rxf5 37. Rd8+ Re8 38. Rxe8+ Qxe8 39. Qxf5 Bf4
40. Bxf4 exf4 41. Qxf4 Nd7 42. Nb5 a6 43. Nd6 Qe1+ 44. Kh2 b6 45. Nf7+ Kg7 46.
Qg4+ Kxf7 47. Qxd7+ Kf6 48. Qd6+ Kf7 49. Qc7+ Kf8 50. Qf4+ Ke8 51. Qg3 Qe4 52.
h4 b5 53. Kh3 h5 54. Qg8+ Kd7 55. Qg7+ Ke6 56. Qh6+ Kd7 57. Qxh5 Qd3+ 58. Kh2
Qd6+ 59. g3 Qd2+ 60. Kh3 Qxa2 61. Qd5+ Ke8 62. cxb5 axb5 63. Qc6+ Kf7 64. Qxb5
Qf2 65. Qc4+ Kg7 66. h5 Qg1 67. Qg4+ Kh8 68. Qf3 Qc1 69. g4 Qg1 70. Qf8+ Kh7
71. Qf5+ Kg7 72. Qe5+ Kh7 73. Qe4+ Kg7 74. Qg6+ Kh8 75. Qe6 Qh1+ 76. Kg3 Qg1+
77. Kf3 Qd1+ 78. Kf4 Qd4+ 79. Kf5 Qd3+ 80. Kg5 Qd2+ 81. Kg6 Qd3+ 82. Qf5 c4 83.
bxc4 1-0

[Event "Pardubice Open A"]
[Site "?"]
[Date "2015.08.01"]
[Round "9.41"]
[White "VYKOUK, Jan"]
[Black "MALEK, Daniel"]
[Result "1/2-1/2"]
[WhiteElo "2182"]
[BlackElo "2398"]
[PlyCount "89"]
[EventDate "2015.??.??"]
[WhiteClock "0:07:58"]
[BlackClock "0:15:15"]

1. e4 e6 2. d4 d5 3. Nd2 Be7 4. Bd3 c5 5. dxc5 Nf6 6. Qe2 O-O 7. Ngf3 a5 8. e5
Nfd7 9. Nb3 Na6 10. O-O a4 11. Nbd4 Ndxc5 12. Bd2 Bd7 13. g3 Qb6 14. h4 f5 15.
Kh1 Be8 16. Bg5 Bxg5 17. Nxg5 h6 18. Ngf3 Bh5 19. Bb5 Nc7 20. Kg2 Ne4 21. Bd3
Qxb2 22. Rab1 Qxa2 23. Rxb7 Rfc8 24. Rb6 Qa3 25. Nxe6 Nxe6 26. Rxe6 Qc3 27. Qe3
a3 28. Nd4 a2 29. Nxf5 a1=Q 30. Rxa1 Rxa1 31. Nxg7 Rf8 32. Nxh5 Rxf2+ 33. Qxf2
Nxf2 34. Bg6 Qc8 35. Re8+ Qxe8 36. Bxe8 Ne4 37. Bc6 Kf8 38. Bxd5 Re1 39. Nf4
Re3 40. Bxe4 Rxe4 41. e6 Rc4 42. Kf3 Rxc2 43. Ng6+ Ke8 44. h5 Rc6 45. e7
1/2-1/2

[Event "Pardubice Open A"]
[Site "?"]
[Date "2015.08.01"]
[Round "9.42"]
[White "GIANNOULAKIS, Labros"]
[Black "MALAKHOV, Igor"]
[Result "0-1"]
[WhiteElo "2283"]
[BlackElo "2440"]
[PlyCount "110"]
[EventDate "2015.??.??"]
[WhiteClock "0:01:54"]
[BlackClock "0:25:10"]

1. d4 Nf6 2. c4 d6 3. Nc3 Nbd7 4. e4 e5 5. Nge2 Be7 6. Ng3 exd4 7. Qxd4 Nc5 8.
Be2 O-O 9. O-O Re8 10. f3 a5 11. Be3 Bf8 12. Rad1 Bd7 13. Qd2 b6 14. Nd5 Nxd5
15. cxd5 g6 16. Rfe1 Bg7 17. Bd4 Bxd4+ 18. Qxd4 Qg5 19. Qd2 Qxd2 20. Rxd2 f5
21. exf5 gxf5 22. Kf2 Kg7 23. Nh5+ Kf7 24. Nf4 Re5 25. Bc4 b5 26. Bf1 Rxe1 27.
Kxe1 Re8+ 28. Kf2 b4 29. Nd3 Na4 30. Rc2 Rc8 31. Nf4 Kf6 32. Ba6 Ra8 33. Bc4
Rb8 34. Ke3 Re8+ 35. Kf2 Re7 36. Bf1 Be8 37. a3 bxa3 38. bxa3 Bf7 39. Bb5 Nc5
40. Rd2 Be8 41. Bc4 Bd7 42. Re2 Re5 43. Rb2 Re8 44. Nd3 Nxd3+ 45. Bxd3 Ke5 46.
Bb5 Bxb5 47. Rxb5 a4 48. Ke3 f4+ 49. Kd3 Rg8 50. Rb7 Rxg2 51. Rxc7 Rxh2 52.
Re7+ Kxd5 53. Ra7 Ke5 54. Rxa4 Rf2 55. Ra7 Rxf3+ 0-1

[Event "Pardubice Open A"]
[Site "?"]
[Date "2015.08.01"]
[Round "9.43"]
[White "SREEVES, Clement"]
[Black "PECHAC, Jergus"]
[Result "1/2-1/2"]
[WhiteElo "2333"]
[BlackElo "2511"]
[PlyCount "98"]
[EventDate "2015.??.??"]
[WhiteClock "0:19:08"]
[BlackClock "1:32:48"]

1. c4 e5 2. g3 Nc6 3. Nc3 Bc5 4. Bg2 d6 5. e3 a6 6. Nge2 Ba7 7. d4 exd4 8. exd4
Nge7 9. Bg5 f6 10. Be3 Bf5 11. O-O Qd7 12. d5 Ne5 13. Bxa7 Rxa7 14. Nd4 O-O 15.
Re1 N7g6 16. f4 Nxc4 17. Nxf5 Qxf5 18. Qd4 Nb6 19. Na4 Nc8 20. Re6 Ra8 21. Rae1
b5 22. Nc3 Nb6 23. Ne4 Rab8 24. b3 Kh8 25. Nf2 Nd7 26. Bh3 Qc2 27. R6e2 Qc5 28.
Qd3 Nb6 29. Bg2 Qb4 30. h4 Rf7 31. h5 Nf8 32. Re7 Kg8 33. Kh2 Nbd7 34. R7e4 Qc5
35. R4e2 f5 36. Bh3 Nf6 37. Bxf5 Nxd5 38. Ne4 Nxf4 39. Nxc5 Nxd3 40. Bxh7+ Nxh7
41. Nxd3 Nf6 42. Nf4 Ng4+ 43. Kh3 Ne5 44. Ng6 Re8 45. Re3 Rf2 46. Nxe5 Rxe5 47.
Rxe5 dxe5 48. a4 Rb2 49. axb5 axb5 1/2-1/2

[Event "Pardubice Open A"]
[Site "?"]
[Date "2015.08.01"]
[Round "9.44"]
[White "POETSCH, Hagen"]
[Black "SANDERS, Isaac B"]
[Result "1-0"]
[WhiteElo "2498"]
[BlackElo "2338"]
[PlyCount "85"]
[EventDate "2015.??.??"]
[WhiteClock "0:11:17"]
[BlackClock "0:07:44"]

1. e4 e5 2. Nf3 Nc6 3. Bc4 d6 4. c3 Be7 5. Qb3 Nh6 6. d4 O-O 7. Bxh6 gxh6 8.
Nbd2 Bf6 9. dxe5 Nxe5 10. Nxe5 dxe5 11. Nf1 c6 12. Ng3 Bh4 13. O-O b5 14. Be2
Be6 15. Qc2 Bxg3 16. hxg3 Qe7 17. Qd2 Kg7 18. Qe3 a6 19. a4 Bb3 20. axb5 axb5
21. Qb6 Qe6 22. f4 Rxa1 23. Rxa1 exf4 24. Qd4+ Qf6 25. Qxf6+ Kxf6 26. gxf4 Ke6
27. Kf2 Rd8 28. Ke3 Rg8 29. Bf3 Kd6 30. Rh1 Ra8 31. Rxh6+ Kc5 32. e5 Bd5 33.
Bxd5 Kxd5 34. Rxh7 Ra2 35. Rxf7 Rxb2 36. Rd7+ Ke6 37. Rd6+ Ke7 38. f5 Rxg2 39.
f6+ Ke8 40. e6 Rg3+ 41. Kf4 Rg1 42. Rxc6 Rf1+ 43. Ke5 1-0

[Event "Pardubice Open A"]
[Site "?"]
[Date "2015.08.01"]
[Round "9.45"]
[White "NAKAR, Eylon"]
[Black "KELLER, Peter"]
[Result "1/2-1/2"]
[WhiteElo "2479"]
[BlackElo "2319"]
[PlyCount "191"]
[EventDate "2015.??.??"]
[WhiteClock "0:02:06"]
[BlackClock "0:01:08"]

1. e4 e5 2. Nf3 Nc6 3. Bb5 Nf6 4. d3 Bc5 5. Bxc6 dxc6 6. Nbd2 Bd6 7. Nc4 Nd7 8.
O-O O-O 9. a4 Re8 10. Bd2 Nf8 11. b4 Ng6 12. b5 cxb5 13. axb5 b6 14. Be3 a5 15.
Nb2 f5 16. exf5 Bxf5 17. Nc4 h6 18. Nfd2 Bb4 19. Qh5 Qf6 20. h3 Nf4 21. Qf3 Ne6
22. Ne4 Bxe4 23. Qxf6 gxf6 24. dxe4 Kg7 25. Rfd1 Red8 26. Kf1 Bc3 27. Rxd8 Rxd8
28. Ra3 Bb4 29. Ra1 h5 30. Ke2 Nd4+ 31. Bxd4 Rxd4 32. Ne3 Kf7 33. Rd1 Rxd1 34.
Nxd1 a4 35. Kd3 Bc5 36. Nc3 a3 37. f3 Kg6 38. h4 f5 39. Kc4 fxe4 40. fxe4 Kf7
41. Kb3 Ke6 42. Ne2 Kd6 43. Nc1 Ke6 44. Nd3 Be7 45. c3 Bxh4 46. Kxa3 Bg5 47.
Kb4 Bh6 48. Kc4 Bg5 49. Nb4 Kd6 50. Nd5 Kd7 51. Nb4 Kd6 52. Nd3 Bh6 53. Ne1 Bg5
54. Nf3 Bf6 55. Ng1 Bg5 56. Ne2 Bh4 57. Kb4 Ke6 58. Kb3 Kd6 59. Kc4 Ke6 60. Nc1
Bg5 61. Nd3 Be3 62. Kb3 Kd6 63. Kc2 Ke6 64. Kd1 Kd6 65. Ke2 Bg5 66. Kf3 Bd2 67.
Kg3 Bg5 68. Kh3 Ke6 69. g4 hxg4+ 70. Kxg4 Bd2 71. c4 Bc3 72. Kg5 Bd2+ 73. Kg6
Bc3 74. Kg7 Bd2 75. Kf8 Bc3 76. Ke8 Bd4 77. Kd8 Kd6 78. Kc8 Bc3 79. Kb7 Bd4 80.
Kc8 Bc3 81. Kb8 Ba1 82. Nc1 Bd4 83. Nd3 Ba1 84. Nb4 Kc5 85. Nc2 Bd4 86. Kxc7
Kxc4 87. Kc6 Bf2 88. Na3+ Kb3 89. Nb1 Be3 90. Kc7 Kc4 91. Kc6 Bd4 92. Na3+ Kb3
93. Nb1 Kc2 94. Na3+ Kb3 95. Nb1 Kc2 96. Na3+ 1/2-1/2

[Event "Pardubice Open A"]
[Site "?"]
[Date "2015.08.01"]
[Round "9.46"]
[White "BRYZGALIN, Kirill"]
[Black "SYLVAN, Jacob"]
[Result "1/2-1/2"]
[WhiteElo "2459"]
[BlackElo "2320"]
[PlyCount "27"]
[EventDate "2015.??.??"]
[WhiteClock "1:23:29"]
[BlackClock "1:17:03"]

1. c4 g6 2. g3 Bg7 3. Bg2 c5 4. Nf3 Nc6 5. O-O e5 6. Nc3 Nge7 7. Ne1 O-O 8. Nc2
d6 9. Rb1 Be6 10. Nd5 Rb8 11. b4 cxb4 12. Ncxb4 Nxb4 13. Rxb4 Nxd5 14. cxd5
1/2-1/2

[Event "Pardubice Open A"]
[Site "?"]
[Date "2015.08.01"]
[Round "9.47"]
[White "LUGOVSKOY, Maxim"]
[Black "KOTLYAR, Kirill"]
[Result "1-0"]
[WhiteElo "2432"]
[BlackElo "2330"]
[PlyCount "55"]
[EventDate "2015.??.??"]
[WhiteClock "0:45:08"]
[BlackClock "0:28:38"]

1. e4 e5 2. Nf3 Nc6 3. Nc3 Nf6 4. d4 exd4 5. Nxd4 Bb4 6. Nxc6 bxc6 7. Bd3 O-O
8. O-O d5 9. exd5 cxd5 10. h3 c6 11. Qf3 Bd6 12. Bf4 Rb8 13. b3 Be6 14. Ne2 Re8
15. Rfd1 Bxf4 16. Qxf4 c5 17. c4 d4 18. Ng3 a5 19. Re1 Bd7 20. Rxe8+ Qxe8 21.
Qc7 a4 22. Qxc5 axb3 23. axb3 Rxb3 24. Qxd4 Bc6 25. Bf1 Qd7 26. Qf4 Rb2 27. Nf5
Be4 28. Qxe4 1-0

[Event "Pardubice Open A"]
[Site "?"]
[Date "2015.08.01"]
[Round "9.48"]
[White "KOBO, Ori"]
[Black "KUTYNEC, Vladimir"]
[Result "1-0"]
[WhiteElo "2422"]
[BlackElo "2310"]
[PlyCount "55"]
[EventDate "2015.??.??"]
[WhiteClock "0:19:11"]
[BlackClock "0:03:35"]

1. e4 d5 2. exd5 Qxd5 3. Nc3 Qa5 4. Bc4 Nf6 5. d3 c6 6. Qe2 b5 7. Bb3 Na6 8.
Nf3 Nc5 9. O-O Nxb3 10. cxb3 e6 11. Bg5 Be7 12. Ne4 Bb7 13. Rfc1 Rd8 14. d4 Rd5
15. Bxf6 gxf6 16. Nc5 Bc8 17. Qe3 Rg8 18. a3 Qc7 19. Nd3 Rh5 20. g3 Bd7 21. b4
Bf8 22. Rc2 Bh6 23. Qe4 Qd6 24. Nc5 Ke7 25. a4 Rd5 26. axb5 cxb5 27. Rxa7 Qf4
28. Qxd5 1-0

[Event "Pardubice Open A"]
[Site "?"]
[Date "2015.08.01"]
[Round "9.49"]
[White "YAGUPOV, Igor"]
[Black "VOGEL, Roven"]
[Result "1-0"]
[WhiteElo "2342"]
[BlackElo "2420"]
[PlyCount "119"]
[EventDate "2015.??.??"]
[WhiteClock "0:05:59"]
[BlackClock "0:23:56"]

1. e4 c6 2. d4 d5 3. Nc3 dxe4 4. Nxe4 Bf5 5. Ng3 Bg6 6. h4 h6 7. Nf3 Nd7 8. h5
Bh7 9. Bd3 Bxd3 10. Qxd3 e6 11. Bd2 Ngf6 12. O-O-O Be7 13. Rde1 O-O 14. Nf1 Nb6
15. g4 Qd5 16. b3 Nxg4 17. Qe2 Kh8 18. Ng3 a5 19. c4 Qd8 20. Ne4 a4 21. b4 Nd7
22. Reg1 f5 23. Ng3 Re8 24. Qxe6 Bxb4 25. Qxf5 Bxd2+ 26. Nxd2 Ndf6 27. Qf4 a3
28. Kc2 Qa5 29. Rb1 b5 30. Rh4 Qa4+ 31. Kd3 bxc4+ 32. Nxc4 Rad8 33. Rxg4 c5 34.
Nf5 Nxg4 35. Qxg4 Rd7 36. Nfd6 Rf8 37. dxc5 Qc6 38. Kd4 Rc7 39. Ne4 Rd8+ 40.
Ke3 Qa4 41. Rc1 Rcd7 42. Ncd6 Qb4 43. Rd1 Qa5 44. Qe6 Rxd6 45. cxd6 Qxh5 46.
Rd5 Qh1 47. Qe7 Qe1+ 48. Kf4 Qc1+ 49. Rd2 Rb8 50. d7 Qc7+ 51. Kf3 Rd8 52. Rd5
Qb6 53. Rd6 Qa5 54. Qe8+ Kh7 55. Nf6+ gxf6 56. Qf7+ Kh8 57. Qxf6+ Kg8 58. Qg6+
Kh8 59. Qxh6+ Kg8 60. Rg6+ 1-0

[Event "Pardubice Open A"]
[Site "?"]
[Date "2015.08.01"]
[Round "9.50"]
[White "MAREK, Matyas"]
[Black "ROEDER, Matthias"]
[Result "1-0"]
[WhiteElo "2326"]
[BlackElo "2411"]
[PlyCount "75"]
[EventDate "2015.??.??"]
[WhiteClock "1:12:32"]
[BlackClock "0:47:02"]

1. e4 c5 2. Nf3 d6 3. d4 cxd4 4. Nxd4 Nf6 5. Nc3 a6 6. Bg5 e6 7. f4 h6 8. Bh4
Qb6 9. Qd2 Qxb2 10. Rb1 Qa3 11. e5 dxe5 12. fxe5 Nfd7 13. Ne4 Qxa2 14. Rd1 Qd5
15. Qe3 Qxe5 16. Be2 Bc5 17. Bg3 Bxd4 18. Rxd4 Qa5+ 19. Rd2 O-O 20. Bd6 f5 21.
Bxf8 Nxf8 22. Nd6 Nbd7 23. g4 fxg4 24. O-O Qc5 25. Rd4 e5 26. Rd3 Qxe3+ 27.
Rxe3 Nf6 28. Rxe5 b5 29. Ra1 Rb8 30. Bd3 Be6 31. Rxa6 Bc4 32. Nxc4 bxc4 33.
Bxc4+ Kh8 34. Rea5 Rb1+ 35. Kg2 Ng6 36. Ra8+ Kh7 37. Bd3 h5 38. Rg5 1-0

[Event "Pardubice Open A"]
[Site "?"]
[Date "2015.08.01"]
[Round "9.51"]
[White "MANIK, Mikulas"]
[Black "MAMMADZADA, Gunay"]
[Result "0-1"]
[WhiteElo "2408"]
[BlackElo "2320"]
[PlyCount "54"]
[EventDate "2015.??.??"]
[WhiteClock "0:36:53"]
[BlackClock "0:16:35"]

1. e4 c5 2. c3 Nf6 3. e5 Nd5 4. d4 cxd4 5. Nf3 d6 6. cxd4 Nc6 7. Bc4 Nb6 8. Bb3
dxe5 9. Nxe5 e6 10. Nxc6 bxc6 11. O-O Be7 12. Nc3 O-O 13. Be3 a5 14. a3 Ba6 15.
Re1 Nc4 16. Qf3 Nxe3 17. fxe3 Qb6 18. Ba4 c5 19. Qf2 Rab8 20. Rab1 cxd4 21.
exd4 Bd3 22. Rbd1 Bg6 23. Rd2 Bg5 24. Rde2 Bd3 25. Re5 Bf6 26. Rc5 Qxb2 27. Qe3
Rfd8 0-1

[Event "Pardubice Open A"]
[Site "?"]
[Date "2015.08.01"]
[Round "9.54"]
[White "ZANAN, Evgeny"]
[Black "HANSEN, Mads"]
[Result "1-0"]
[WhiteElo "2391"]
[BlackElo "2296"]
[PlyCount "31"]
[EventDate "2015.??.??"]
[WhiteClock "0:40:13"]
[BlackClock "0:50:43"]

1. d4 d5 2. c4 c6 3. Nf3 Nf6 4. e3 Bg4 5. Qb3 Qc7 6. Ne5 Bf5 7. cxd5 cxd5 8.
Bd2 e6 9. Na3 Bxa3 10. Qxa3 Nc6 11. Rc1 Rc8 12. Ba5 Qb8 13. Bb5 Nh5 14. Nxc6
Rxc6 15. Rxc6 bxc6 16. Bxc6# 1-0

[Event "Pardubice Open A"]
[Site "?"]
[Date "2015.08.01"]
[Round "9.55"]
[White "JANZELJ, Tim"]
[Black "MOEHN, Hans"]
[Result "0-1"]
[WhiteElo "2312"]
[BlackElo "2372"]
[PlyCount "68"]
[EventDate "2015.??.??"]
[WhiteClock "0:00:43"]
[BlackClock "0:04:52"]

1. e4 c5 2. Nf3 e6 3. d4 cxd4 4. Nxd4 a6 5. Bd3 Bc5 6. Nb3 Be7 7. Qg4 Bf6 8. f4
d6 9. O-O Ne7 10. Qe2 Nd7 11. N1d2 Qc7 12. Kh1 b6 13. Nc4 Bb7 14. e5 dxe5 15.
fxe5 Bxe5 16. Nxe5 Qxe5 17. Qf2 O-O 18. Bf4 Qxb2 19. Rad1 Ne5 20. Bxh7+ Kxh7
21. Qh4+ Kg8 22. Qxe7 Bd5 23. Nd4 Ng6 24. Qg5 Rad8 25. Nc6 Rc8 26. Be5 Qa3 27.
Rd3 Qc5 28. Rc3 Rxc6 29. Rxc5 Rxc5 30. Ba1 Rxc2 31. Rg1 Rfc8 32. Qe3 Rxg2 33.
Rxg2 Rc2 34. h4 Rxg2 0-1

[Event "Pardubice Open A"]
[Site "?"]
[Date "2015.08.01"]
[Round "9.57"]
[White "SCHUH, Dirk"]
[Black "SEVERINA, Maria"]
[Result "0-1"]
[WhiteElo "2370"]
[BlackElo "2276"]
[PlyCount "72"]
[EventDate "2015.??.??"]
[WhiteClock "0:04:40"]
[BlackClock "0:04:44"]

1. e4 e5 2. Nf3 Nc6 3. Bb5 a6 4. Ba4 Nf6 5. O-O Be7 6. d3 b5 7. Bb3 d6 8. a3
Be6 9. Bxe6 fxe6 10. c3 O-O 11. Re1 Kh8 12. Nbd2 Qd7 13. Nf1 Rad8 14. a4 b4 15.
Bd2 bxc3 16. Bxc3 Rb8 17. Ng3 Nb4 18. d4 exd4 19. Nxd4 c5 20. Nf3 d5 21. exd5
exd5 22. Ne5 Qc7 23. Nf5 Bd6 24. Ng4 d4 25. Bxb4 Rxb4 26. Re6 Qd7 27. Rxd6 Qxf5
28. Nxf6 Rxb2 29. Ng4 h5 30. h3 hxg4 31. Qxg4 Qxg4 32. hxg4 Rfxf2 33. Ra3 Rxg2+
34. Kf1 Rgf2+ 35. Kg1 Rg2+ 36. Kf1 Rgc2 0-1

[Event "Pardubice Open A"]
[Site "?"]
[Date "2015.08.01"]
[Round "9.58"]
[White "YURTSEVEN, Melih"]
[Black "KOZLITIN, Oleg"]
[Result "1-0"]
[WhiteElo "2299"]
[BlackElo "2352"]
[PlyCount "77"]
[EventDate "2015.??.??"]
[WhiteClock "0:14:35"]
[BlackClock "0:15:11"]

1. e4 c5 2. Nf3 d6 3. d4 cxd4 4. Nxd4 Nf6 5. Nc3 a6 6. Bg5 e6 7. f4 Be7 8. Qf3
Nbd7 9. O-O-O Qc7 10. g4 h6 11. Bxf6 Bxf6 12. h4 Qb6 13. Nb3 Nc5 14. Nxc5 Qxc5
15. e5 dxe5 16. Ne4 Qc6 17. Bg2 Be7 18. fxe5 Bd7 19. Rhf1 Rf8 20. Qe3 Qa4 21.
Kb1 Rc8 22. b3 Qb5 23. Nd6+ Bxd6 24. Rxd6 Bc6 25. a4 Qa5 26. Bxc6+ Rxc6 27.
Rxc6 bxc6 28. Qa7 Qd5 29. g5 hxg5 30. hxg5 Qd7 31. Qxa6 Qc7 32. Qc4 c5 33. g6
Ke7 34. Qh4+ Ke8 35. gxf7+ Rxf7 36. Qh5 Kf8 37. Rxf7+ Qxf7 38. Qxf7+ Kxf7 39.
a5 1-0

[Event "Pardubice Open A"]
[Site "?"]
[Date "2015.08.01"]
[Round "9.59"]
[White "STRUGNELL, Carl"]
[Black "GUTENEV, Alexander"]
[Result "0-1"]
[WhiteElo "2275"]
[BlackElo "2349"]
[PlyCount "94"]
[EventDate "2015.??.??"]
[WhiteClock "0:28:58"]
[BlackClock "0:25:05"]

1. c4 Nf6 2. Nc3 d5 3. cxd5 Nxd5 4. g3 g6 5. Bg2 Nxc3 6. bxc3 Bg7 7. d4 O-O 8.
Nf3 c5 9. Be3 Nc6 10. O-O cxd4 11. cxd4 Be6 12. Qd2 Bd5 13. Rfd1 Qd6 14. Rab1
b6 15. Bh6 Rfd8 16. Bxg7 Kxg7 17. Rb5 Rac8 18. e3 Qa3 19. Ng5 Bxg2 20. Kxg2 Na5
21. d5 Rc4 22. Qe2 Qa4 23. Qf3 Rf8 24. Rbb1 h6 25. d6 hxg5 26. dxe7 Re8 27. Rd6
Re4 28. Qf6+ Kg8 29. Rd8 Re6 30. Qxg5 Kg7 31. Rd4 Qc6+ 32. Kg1 R6xe7 33. Rh4
Qc3 34. Rbb4 Qe5 35. Qh6+ Kg8 36. Rh3 Qg7 37. Qg5 Re5 38. Qg4 Nc6 39. Rc4 R5e6
40. Qd1 Rd8 41. Qe2 Qa1+ 42. Kg2 Qd1 43. Qb2 Ne5 44. Rf4 Qd5+ 45. e4 Qd4 46.
Qe2 Qd3 47. Qb2 g5 0-1

[Event "Pardubice Open A"]
[Site "?"]
[Date "2015.08.01"]
[Round "9.60"]
[White "VYBIRAL, Zdenek"]
[Black "KOZUSEK, Daniel"]
[Result "1-0"]
[WhiteElo "2267"]
[BlackElo "2346"]
[PlyCount "45"]
[EventDate "2015.??.??"]
[WhiteClock "0:25:34"]
[BlackClock "0:42:50"]

1. c4 e5 2. Nc3 Nf6 3. g3 d5 4. cxd5 Nxd5 5. Bg2 Nb6 6. Nf3 Nc6 7. O-O Be7 8.
a3 Be6 9. d3 O-O 10. b4 a5 11. b5 Nd4 12. Rb1 Nd5 13. Na4 Bd6 14. Nxd4 exd4 15.
Bb2 c5 16. bxc6 b5 17. Bxd4 bxa4 18. Qxa4 Nc7 19. Rb7 Qc8 20. Bxg7 Rd8 21. Bf6
Re8 22. Qh4 Bf5 23. Bh3 1-0